Red cavalry and other stories / (Record no. 182)

MARC details
000 -LEADER
fixed length control field 00929nam a22002898a 4500
001 - CONTROL NUMBER
control field 3989928
005 - DATE AND TIME OF LATEST TRANSACTION
control field 20200421093821.0
008 - FIXED-LENGTH DATA ELEMENTS--GENERAL INFORMATION
fixed length control field 050409s2005 enk e 000 1 eng
015 ## - NATIONAL BIBLIOGRAPHY NUMBER
National bibliography number GBA530926
Source bnb
020 ## - INTERNATIONAL STANDARD BOOK NUMBER
International Standard Book Number 0140449973 (pbk.) :
Terms of availability £10.99
035 ## - SYSTEM CONTROL NUMBER
System control number (Uk)013174582
035 ## - SYSTEM CONTROL NUMBER
System control number 1145717
040 ## - CATALOGING SOURCE
Original cataloging agency StDuBDS
041 1# - LANGUAGE CODE
Language code of text/sound track or separate title eng
Language code of original rus
082 04 - DEWEY DECIMAL CLASSIFICATION NUMBER
Classification number 891.733
Edition information 22
100 1# - MAIN ENTRY--PERSONAL NAME
Personal name Babelʹ, I.
Fuller form of name (Isaak),
Dates associated with a name 1894-1941.
9 (RLIN) 315
245 10 - TITLE STATEMENT
Title Red cavalry and other stories /
Statement of responsibility, etc. Issac Babel ; edited with notes by Efraim Sicher ; translated with an introduction by David McDuff.
260 ## - PUBLICATION, DISTRIBUTION, ETC.
Place of publication, distribution, etc. London :
Name of publisher, distributor, etc. Penguin,
Date of publication, distribution, etc. 2005, c1994.
263 ## - PROJECTED PUBLICATION DATE
Projected publication date 200507
300 ## - PHYSICAL DESCRIPTION
Extent 364 p. ;
Dimensions 20 cm.
440 #0 - SERIES STATEMENT/ADDED ENTRY--TITLE
Title Penguin classics
546 ## - LANGUAGE NOTE
Language note Translated from the Russian.
600 10 - SUBJECT ADDED ENTRY--PERSONAL NAME
Personal name Babelʹ, I.
Fuller form of name (Isaak),
Dates associated with a name 1894-1941.
Form subdivision Translations into English.
9 (RLIN) 876
700 1# - ADDED ENTRY--PERSONAL NAME
Personal name Sicher, Efraim.
9 (RLIN) 316
700 1# - ADDED ENTRY--PERSONAL NAME
Personal name McDuff, David,
Dates associated with a name 1945-
942 ## - ADDED ENTRY ELEMENTS (KOHA)
Source of classification or shelving scheme Dewey Decimal Classification
Koha item type Books
Holdings
Withdrawn status Lost status Damaged status Not for loan Collection Home library Current library Shelving location Date acquired Barcode Date last seen Price effective from Koha item type
        Reference Fairview Fairview General stacks 09/04/2014 39999000007633 09/04/2014 09/04/2014 Books
        Reference Midway Midway General stacks 09/04/2014 39999000007619 09/04/2014 09/04/2014 Books
        Reference Midway Midway General stacks 09/04/2014 39999000007657 09/04/2014 09/04/2014 Books